01675nam a22002774c 4500003000900000008004100009020001800050040003100068041001900099080001400118100002400132245010100156246011200257250002200369264004900391300004100440336002700481337003400508338002800542490002200570520073500592521002501327650002401352650001101376650001001387AR-BaSMT260512b2026 aga|||br|||| 000 1|spa d a9789878014876 aBSGBbespañolcBSGBerda1 afrehFrancés a82-34 RIV1 aRivelaygue, Laurent14aLosquien qué : by una caperucita amarilla con bandas reflectantes para que la veamos de noche21aLes quiquoi et le petit chaperon jaune avec des bandes réfléchissantes pour qu´on la voie dans la nuit aPrimera edición 1aBuenos aires : bSiglo XXI Editores , c2026 a32 páginas ; bilustraciones color 2rdacontentatextobtxt 2rdamedia asin mediaciónbn 2rdacarrieravolumenbnc aSiglo para chicos 1aLos Quienqué y una caperucita amarilla con bandas reflectantes para que la veamos de noche Los Quienqué son Oli, Petunia, Pamela, Mustard, Raúl y Mixo, un grupo de amigos con personalidades muy curiosas… ¡y mucha imaginación! Petunia tiene que de escribir un cuento para el colegio. Para ayudarla, Oli dibuja un libro del que sale una Caperucita que no es roja sino amarilla. Se llama Clementina, y va a visitar a su abuelita que vive lejos, en el bosque. Los Quienqué deciden acompañarla: ¿Podrán cruzar ese bosque misterioso? ¿Tendrán que cuidarse del lobo feroz?uhttps://sigloxxieditores.com.ar/libro/los-quienque-y-una-caperucita-amarilla-con-bandas-reflectantes-para-que-la-veamos-de-noche/ 12/05/2026 aA partir de 9 años 7aLITERATURA INFANTIL 7aCUENTO 7aHUMOR